• 首页
  • 本馆介绍
  • 公告通知
  • 最新文献
  • 馆藏检索
  • 电子资源
  • 读者导购
  • 参考咨询
  • 我的图书馆
  • 登录
  • 详细信息显示
  • 放入我的书架
  • 预约/预借图书
  • 作者相关作品
  • 分类相关作品
  • 丛书相关作品
  • 出版社相关作品

书目信息

  • 表格格式
  • 工作单格式
  • 卡片格式
题名:
常见的无机化学反应
    
 
作者: ;化学工业部人事教育司 , 化学工业部教育培训中心 组织编写
分册:  
出版信息: 北京   化学工业出版社  1997.09
页数: 93页
开本: 32开
丛书名:
单 册:
中图分类: TQ110.3
科图分类:
主题词: 无机化工--化学反应工程--技术培训--教材
电子资源:
ISBN: 7-5025-1916-5
000 00818nam0 2200217 45
001 0111191027
005 20031219104051.5
010    @a7-5025-1916-5@dCNY6.50
100    @a20011119d1997 km y0chiy0120 ea
101 0  @achi
105    @a z 000yy
200 1  @a常见的无机化学反应@AChang Jian De Wu Ji Hua Xue Fan Ying@f化学工业部人事教育司,化学工业部教育培训中心组织编写@FHua Xue Gong Ye Bu Ren Shi Jiao Yu Si,Hua Xue Gong Ye Bu Jiao Yu Pei Xun Zhong Xin Zu Zhi Bian Xie
210    @a北京@c化学工业出版社@d1997.09
215    @a93页@d32开
300    @a化工工人技术理论培训教材
606 0  @a无机化工@x化学反应工程@x技术培训@x教材
690    @aTQ110.3@v4
711 02 @a化学工业部人事教育司@4组织编写
711 02 @a化学工业部教育培训中心@4组织编写
801    @aCN@bTSTC@c20011119
905    @f10@b300817-826@dTQ110.3@e9
    
    常见的无机化学反应/化学工业部人事教育司,化学工业部教育培训中心组织编写.-北京:化学工业出版社,1997.09
    93页;32开
    化工工人技术理论培训教材
    
    ISBN 7-5025-1916-5:CNY6.50
    
●
相关链接 在E读中查询图书 在五车中查询图书 在当当中查询图书 在豆瓣中查询图书


正题名:常见的无机化学反应     索取号:TQ110.3/9         预约/预借

序号 登录号 条形码 馆藏地/架位号 状态 备注
1 0300817   203008173   第三借阅区/ [索取号:TQ110.3/9] 在馆    
2 0300818   203008182   第三借阅区/ [索取号:TQ110.3/9] 在馆    
3 0300819   203008191   第三借阅区/ [索取号:TQ110.3/9] 在馆    
4 0300820   203008208   第三借阅区/ [索取号:TQ110.3/9] 在馆    
5 0300821   203008217   第三借阅区/ [索取号:TQ110.3/9] 在馆    
6 0300822   203008226   第三借阅区/ [索取号:TQ110.3/9] 在馆    
7 0300823   203008235   第三借阅区/ [索取号:TQ110.3/9] 在馆    
8 0300824   203008244   第三借阅区/ [索取号:TQ110.3/9] 在馆    
9 0300825   203008253   第三借阅区/ [索取号:TQ110.3/9] 在馆    
10 0300826   203008262   第二样本阅览室/ [索取号:TQ110.3/9] 在馆    
唐山师范学院图书馆 欢迎您!
大连网信软件有限公司© 版权所有